Essentials of corporate finance / (Record no. 4059)
[ view plain ]
| 000 -LEADER | |
|---|---|
| fixed length control field | 01355nac a22002771u 4500 |
| 010 ## - LIBRARY OF CONGRESS CONTROL NUMBER | |
| LC control number | 98021049 |
| 020 ## - INTERNATIONAL STANDARD BOOK NUMBER | |
| International Standard Book Number | 0073659452 |
| 020 ## - INTERNATIONAL STANDARD BOOK NUMBER | |
| International Standard Book Number | 0071155120 (international ed.) |
| 020 ## - INTERNATIONAL STANDARD BOOK NUMBER | |
| International Standard Book Number | 0073039195 (disk) |
| 082 00 - DEWEY DECIMAL CLASSIFICATION NUMBER | |
| Classification number | 658.15 |
| Item number | R7331 |
| 090 ## - LOCALLY ASSIGNED LC-TYPE CALL NUMBER (OCLC); LOCAL CALL NUMBER (OCLC) | |
| -- | 4059 |
| -- | 4059 |
| 100 ## - MAIN ENTRY--PERSONAL NAME | |
| Personal name | Ross, Stephen A. |
| 245 10 - TITLE STATEMENT | |
| Title | Essentials of corporate finance / |
| Statement of responsibility, etc | Stephen A. Ross, Randolph W. Westerfield, Bradford D. Jordan. |
| 246 1# - VARYING FORM OF TITLE | |
| Title proper/short title | Financial analysis spreadsheet templates (FAST) Excel--Student disk by KMT Software, Inc. to accompany Essentials of corporate finance, 2/e |
| 250 ## - EDITION STATEMENT | |
| Edition statement | 2nd ed., International ed. |
| 260 ## - PUBLICATION, DISTRIBUTION, ETC. (IMPRINT) | |
| Place of publication, distribution, etc | Boston : |
| Name of publisher, distributor, etc | Irwin/McGraw-Hill, 1999 |
| Date of publication, distribution, etc | c1999. |
| 300 ## - PHYSICAL DESCRIPTION | |
| Extent | xxxv, 540 p. : |
| Other physical details | col. ill. ; |
| Dimensions | 27 cm. + |
| Accompanying material | 1 computer disk (3 1/2 in.). |
| 440 #4 - | |
| -- | The Irwin/McGraw-Hill series in finance, insurance, and real estate |
| 504 ## - BIBLIOGRAPHY, ETC. NOTE | |
| Bibliography, etc | Includes bibliographical references and indexes. |
| 538 ## - SYSTEM DETAILS NOTE | |
| System details note | Systems requirements for accompanying computer disk: IBM PC, or 100 % compatible computer, Microsoft Excel for Windows 5.0 or higher, version 2.0. |
| 650 #0 - SUBJECT ADDED ENTRY--TOPICAL TERM | |
| Topical term or geographic name as entry element | Corporations |
| General subdivision | Finance. |
| 700 1# - ADDED ENTRY--PERSONAL NAME | |
| Personal name | Westerfield, Randolph. |
| 700 1# - ADDED ENTRY--PERSONAL NAME | |
| Personal name | Jordan, Bradford D. |
| 942 ## - ADDED ENTRY ELEMENTS (KOHA) | |
| Item type | Book - Borrowing |
| Call number prefix | 658.15R7331 |
| Withdrawn status | Item status | Damaged status | Not for loan | Home library | Current library | Shelving location | Date acquired | Source of acquisition | Total Checkouts | Total Renewals | Full call number | Barcode | Date last seen | Date last borrowed | Koha item type |
|---|---|---|---|---|---|---|---|---|---|---|---|---|---|---|---|
| Central Library | Central Library | First floor | 19/08/2007 | Purchase | 9 | 33 | 658.15 ROS | 000000115 | 15/07/2025 | 02/12/2020 | Book - Borrowing |